00822nam a22002057a 450000500170000000800410001702000150005805000230007310000260009624000630012224501690018525000110035426000750036530000200044065000190046065000230047965000240050270000470052670000430057320240304092325.0180420s sp gr|||| 00| 0 spa|| a848569137704aHX238.5 bG56 19871 aGlotz, Peter, d1939-10aManifest für eine neue europáische linke. lEspañol10aManifiesto por una nueva izquierda europeab / Peter Glotz ; prólogo a la ed. española Felipe González Márquez ; traducción de Cristina García Ohlrich.  a1a ed. aMadrid :bPablo Iglesias :bSiglo Veintiunode España Editores,c1987 a91 p. ;c21 cm. 4aIndividualismo 4aSocialismozEuropa 4aRadicalismozEuropa1 aGonzález Márquez, Felipe,eprologuista1 aGarcía Ohlrich, Cristina,etraductor